Statistics for Countries with doubled letters

Click here to take the quiz!

General Stats

  • This quiz has been taken 53 times
  • The average score is 6 of 11

Answer Stats

LetterAnswer% Correct
CMorocco
83%
SRussia
83%
OCameroon
70%
PPhilippines
70%
EGreece
60%
LSeychelles
49%
RAndorra
45%
LMarshall Islands
43%
RSierra Leone
38%
TSaint Kitts and Nevis
34%
SGuinea-Bissau
26%

Score Distribution

Percentile by Number Answered

Percent of People with Each Score

Your Score History

You have not taken this quiz